000 00630nam a2200205 a 4500
001 000016796
005 20200929164949.0
008 100310s1978 dr 000 0 spa d
040 _aDO-SdBNP
_bspa
_cBNPHU
082 _a351.724
_bB142a, 1978
100 1 _aBáez Ortíz, Bolivar
_937223
245 1 0 _aAdministración tributaria /
_cBolivar Báez Ortíz.
250 _a2da. ed.
260 _aSanto Domingo :
_b[s.n.],
_c1978.
300 _a149 p. ;
_c22 cm.
504 _aBibliografía : p.150-158
590 _aInventariado,2018/DG
650 4 _aImpuestos
_xAdministración
_916071
910 _aValidado. Control de calidad MFF
999 _c16328
_d16328